| 000 | 01469nam0a22003371 4500 | ||
|---|---|---|---|
| 001 | RU\NLR\INFOCOMM_36\5000221488 | ||
| 005 | 20250613094928.0 | ||
| 035 | _a(NLR Aleph) 009281760 | ||
| 090 |
_a9165708 _c9165708 |
||
| 100 | _a20100917d1966 |||y0rusy50 ca | ||
| 101 | 0 | _aspa | |
| 102 | _aRU | ||
| 105 | _aa ||||000|y | ||
| 200 | 1 |
_aLa planificación económica _eSus fines y realización práctica _f[Por] Anatoli Efímov [y] Aleksandr Anchishkin |
|
| 210 |
_aΜ. _cEd. de la Agencia de prensa "Nóvosti" _d[1966] |
||
| 215 |
_a239 с. _cил. _d16 см |
||
| 225 | 1 | _aConocimiento de los hombres y de las cosas | |
| 300 | _aВ вып. дан.: А. Ефимов, А. Анчишкин. Государственное планирование - цель и практика | ||
| 606 |
_aСоциалистические страны _xНародное хозяйство _xПланирование _2nlr_sh1 |
||
| 606 |
_aРазвивающиеся страны _xНародное хозяйство _xПланирование _2nlr_sh1 |
||
| 686 |
_aЭ1-85 _2rubbk |
||
| 686 |
_aЭ1-70 _2rubbk |
||
| 700 | 1 |
_9z03790 _aEfimov _bA. N. _f1908- _gAnatolij Nikolaevič _4070 |
|
| 701 | 1 |
_9z04790 _aAnčiškin _bA. I. _f1933-1987 _gAleksandr Ivanovič _4070 |
|
| 790 | 1 |
_9z03700 _aEfímov _bA. _gAnatoli _4070 |
|
| 790 | 1 |
_9z04701 _aAnchishkin _bA. _gAlexandr _4070 |
|
| 801 | 1 |
_aRU _bNLR _c20100917 |
|
| 801 | 0 |
_aRU _bNLR _gPSBO |
|
| 852 |
_aNLR _jЭк21 Г-1/36 |
||
| 942 | _cBOOK | ||
| 980 | _aNB | ||